| 000 | 00805nam a2200229 i 4500 | ||
|---|---|---|---|
| 001 | 80970 | ||
| 003 | ES-MaACL | ||
| 005 | 20251002203612.0 | ||
| 007 | t| | ||
| 008 | 041102s1951 cu |||| |dspa d | ||
| 080 | _a929 Casanova, Emilia | ||
| 100 | 1 |
_aHorrego Estuch, Leopoldo. _964245 |
|
| 245 | 1 | 0 |
_aEmilia Casanova _b: la vehemencia del separatismo / _ctrabajo leĆdo por Leopoldo Horrego Estuch [en] marzo de 1951. |
| 260 |
_aLa Habana : _b[s.n., _c1951] ( _fImp. El Siglo XX) |
||
| 300 |
_a65 p. ; _c24 cm. |
||
| 500 | _aPrecede al tit.: Academia de la Historia de Cuba. | ||
| 600 | 1 | 7 |
_aCasanova, Emilia, _d1832-1897 _2 _9163682 |
| 650 | 7 |
_aNacionalismo _2embne _915438 |
|
| 710 | 2 |
_aAcademia de la Historia de Cuba. _91183 |
|
| 852 |
_aES-MaACL _j1929-F-3 |
||
| 999 |
_c80970 _d80970 |
||